书目信息 |
| 题名: |
货币经济学
|
|
| 作者: | 田素华 编著 | |
| 分册: | ||
| 出版信息: | 上海 [等] 格致出版社 [等] 2021 |
|
| 页数: | 483页 | |
| 开本: | 26cm | |
| 丛书名: | 当代经济学系列丛书 | |
| 单 册: | ||
| 中图分类: | F091.353 , F091.3 | |
| 科图分类: | ||
| 主题词: | 货币主义--huo bi zhu yi--高等学校--教材 | |
| 电子资源: | ||
| ISBN: | 978-7-5432-3207-5 | |
| 000 | 01629nam 2200337 450 | |
| 001 | 2367735354 | |
| 005 | 20240107141230.27 | |
| 010 | @a978-7-5432-3207-5@dCNY100.00,原价108.00 | |
| 100 | @a20210325d2021 em y0chiy50 ea | |
| 101 | 0 | @achi |
| 102 | @aCN@b310000 | |
| 105 | @aak a 000yy | |
| 200 | 1 | @a货币经济学@Ahuo bi jing ji xue@e理论、实践与政策@f田素华编著 |
| 205 | @a第2版 | |
| 210 | @a上海 [等]@c格致出版社 [等]@d2021 | |
| 215 | @a483页@c图@d26cm | |
| 225 | 2 | @a当代经济学系列丛书@Adang dai jing ji xue xi lie cong shu@i当代经济学教学参考书系 |
| 300 | @a国家“十三五”重点图书 | |
| 306 | @a上海 : 上海三联书店, 2021 | |
| 306 | @a上海 : 上海人民出版社, 2021 | |
| 314 | @a田素华, 复旦大学经济学博士, 美国哥伦比亚大学访问学者。 | |
| 320 | @a有书目 | |
| 330 | @a本书系统地讲解现代货币经济学基本理论和现实应用问题。全书共12章, 分三个部分。第一部分为货币理论, 涉及货币基本理论、货币需求、货币供给, 以及利率决定和汇率决定等内容。第二部分为货币政策对经济的影响理论, 涉及货币政策的总需求传导机制、货币政策的总供给传导机制、货币政策对总产出和通货膨胀等宏观经济指标的影响, 以及运用货币政策对宏观经济实施管理的有效性问题等内容。第三部分为货币政策理论和实践, 涉及货币政策目标、货币政策工具、货币政策规则、货币供应量管理, 以及开放经济因素对实施货币政策的影响等内容。 | |
| 410 | 0 | @12001 @a当代经济学系列丛书@i当代经济学教学参考书系 |
| 517 | 1 | @a理论、实践与政策@Ali lun 、shi jian yu zheng ce |
| 606 | 0 | @a货币主义@Ahuo bi zhu yi@x高等学校@j教材 |
| 690 | @aF091.353@v5 | |
| 690 | @aF091.3@v4 | |
| 701 | 0 | @a田素华@Atian su hua@4编著 |
| 801 | 0 | @aCN@b湖北三新@c20210325 |
| 905 | @aZUCC@dF091.3@e35=2 | |
| 货币经济学:理论、实践与政策/田素华编著.-第2版.-上海 [等]:格致出版社 [等],2021 |
| 483页:图;26cm.-(当代经济学系列丛书.当代经济学教学参考书系) |
| 国家“十三五”重点图书 |
| ISBN 978-7-5432-3207-5:CNY100.00,原价108.00 |
| 本书系统地讲解现代货币经济学基本理论和现实应用问题。全书共12章, 分三个部分。第一部分为货币理论, 涉及货币基本理论、货币需求、货币供给, 以及利率决定和汇率决定等内容。第二部分为货币政策对经济的影响理论, 涉及货币政策的总需求传导机制、货币政策的总供给传导机制、货币政策对总产出和通货膨胀等宏观经济指标的影响, 以及运用货币政策对宏观经济实施管理的有效性问题等内容。第三部分为货币政策理论和实践, 涉及货币政策目标、货币政策工具、货币政策规则、货币供应量管理, 以及开放经济因素对实施货币政策的影响等内容。 |
| ● |
| 相关链接 |
|
|
|
正题名:货币经济学
索取号:F091.3/35=2
 
预约/预借
| 序号 | 登录号 | 条形码 | 馆藏地/架位号 | 状态 | 备注 |
| 1 | 2001453970 | 2001453970 | 208书库/ [索取号:F091.3/35=2] | 在馆 | |
| 2 | 2001453971 | 2001453971 | 208书库/ [索取号:F091.3/35=2] | 在馆 | |
| 3 | 2001453972 | 2001453972 | 208书库/ [索取号:F091.3/35=2] | 在馆 | |
| 4 | 2001453973 | 2001453973 | 208书库/ [索取号:F091.3/35=2] | 在馆 | |
| 5 | 2001453974 | 2001453974 | 208书库/ [索取号:F091.3/35=2] | 在馆 | |
| 6 | 2001453975 | 2001453975 | 208书库/ [索取号:F091.3/35=2] | 在馆 | |
| 7 | 2001453976 | 2001453976 | 208书库/ [索取号:F091.3/35=2] | 在馆 | |
| 8 | 2001453977 | 2001453977 | 208书库/ [索取号:F091.3/35=2] | 在馆 | |
| 9 | 2001453978 | 2001453978 | 208书库/ [索取号:F091.3/35=2] | 在馆 | |
| 10 | 2001453979 | 2001453979 | 208书库/ [索取号:F091.3/35=2] | 在馆 | |
| 11 | 2001453980 | 2001453980 | 208书库/ [索取号:F091.3/35=2] | 在馆 | |
| 12 | 2001453981 | 2001453981 | 208书库/ [索取号:F091.3/35=2] | 在馆 | |
| 13 | 2001453982 | 2001453982 | 208书库/ [索取号:F091.3/35=2] | 在馆 | |
| 14 | 2001453983 | 2001453983 | 208书库/ [索取号:F091.3/35=2] | 在馆 | |
| 15 | 2001453984 | 2001453984 | 208书库/ [索取号:F091.3/35=2] | 在馆 | |
| 16 | 2001453985 | 2001453985 | 208书库/ [索取号:F091.3/35=2] | 在馆 | |
| 17 | 2001453986 | 2001453986 | 208书库/ [索取号:F091.3/35=2] | 在馆 | |
| 18 | 2001453987 | 2001453987 | 208书库/ [索取号:F091.3/35=2] | 在馆 | |
| 19 | 2001453988 | 2001453988 | 208书库/ [索取号:F091.3/35=2] | 在馆 |